[Event "World Rapid Women 2017"]
[Site "Riyadh KSA"]
[Date "2017.12.26"]
[Round "1.27"]
[White "Gvetadze, Sofio"]
[Black "Nechaeva, Marina"]
[Result "1-0"]
[WhiteTitle "IM"]
[BlackTitle "IM"]
[WhiteElo "2289"]
[BlackElo "2424"]
[WhiteFideId "13601440"]
[BlackFideId "4149351"]
[EventDate "2017.12.26"]

1. e4 c6 2. d4 d5 3. exd5 cxd5 4. c4 Nf6 5. Nc3 e6 6. Nf3 Bb4 7. cxd5 Nxd5 8.
Bd2 Nc6 9. Bd3 Be7 10. O-O O-O 11. Qe2 Nf6 12. Ne4 Bd7 13. Rad1 Re8 14. a3 Nxe4
15. Qxe4 f5 16. Qe3 Bf6 17. Bc4 Rc8 18. Ba2 Qb6 19. Bc1 Na5 20. Ne5 Bb5 21. Rfe1
Nc4 22. Qf3 Red8 23. Bxc4 Bxc4 24. Nxc4 Rxc4 25. d5 exd5 26. Rxd5 Rdc8 27. Rdd1
Qc6 28. Qb3 Kh8 29. Be3 a6 30. f3 b5 31. Qd3 f4 32. Bf2 h6 33. b4 Rc2 34. Bc5
Ra2 35. Qg6 a5 36. Rd6 Qc7 37. Rxf6 gxf6 38. Bd4 Rf8 39. Bxf6+ 1-0

[Event "World Rapid Women 2017"]
[Site "Riyadh KSA"]
[Date "2017.12.26"]
[Round "1.28"]
[White "Padmini, Rout"]
[Black "Szczepkowska, Karina"]
[Result "1-0"]
[WhiteTitle "IM"]
[BlackTitle "IM"]
[WhiteElo "2324"]
[BlackElo "2419"]
[WhiteFideId "5029295"]
[BlackFideId "1122681"]
[EventDate "2017.12.26"]

1. Nf3 Nf6 2. g3 b5 3. e3 a6 4. Bg2 Bb7 5. O-O e6 6. b3 Be7 7. Bb2 O-O 8. c4
bxc4 9. bxc4 d6 10. Nc3 Nbd7 11. Rb1 Nb6 12. d3 Rb8 13. Ba1 Qd7 14. Qc2 Ba8 15.
a4 Qe8 16. a5 Nbd7 17. h3 Rxb1 18. Rxb1 Nc5 19. d4 Nce4 20. Ne2 h6 21. Ne1 Ng5
22. h4 Ngh7 23. e4 Nd7 24. Nd3 Nhf6 25. d5 e5 26. c5 dxc5 27. Nxe5 Bd6 28. Nc4
Ng4 29. f4 f6 30. Bf3 h5 31. Nc1 Qg6 32. Nd3 Re8 33. Re1 Nh6 34. Kg2 Ng4 35. Qd1
Bb7 36. e5 fxe5 37. fxe5 Bf8 38. Nf4 Qf5 39. Be4 Qf7 40. Bg6 Qe7 41. Bxh5 Nh6
42. Bxe8 Qxe8 43. Kg1 Nf5 44. Qg4 Nd4 45. Bxd4 cxd4 46. Qe6+ Qxe6 47. dxe6 Nc5
48. Rd1 d3 49. Nxd3 Nxe6 50. Nf4 Bc5+ 51. Kh2 Nd4 52. Rb1 Nf3+ 53. Kh3 Ng1+ 54.
Kg4 Be4 55. Rb8+ Kh7 56. Nd2 Bc2 57. Ne6 Be3 58. Ng5+ Bxg5 59. Kxg5 1-0

[Event "World Rapid Women 2017"]
[Site "Riyadh KSA"]
[Date "2017.12.26"]
[Round "1.29"]
[White "Papp, Petra"]
[Black "Hoolt, Sarah"]
[Result "0-1"]
[WhiteTitle "WGM"]
[BlackTitle "WGM"]
[WhiteElo "2313"]
[BlackElo "2405"]
[WhiteFideId "739049"]
[BlackFideId "24606812"]
[EventDate "2017.12.26"]

1. e4 e6 2. d4 d5 3. Nc3 Nf6 4. e5 Nfd7 5. f4 c5 6. Nf3 Nc6 7. Be3 Be7 8. Qd2
O-O 9. dxc5 Qa5 10. a3 Bxc5 11. O-O-O Be7 12. h4 Rb8 13. Bd3 b5 14. Bxh7+ Kh8
15. Ng5 Bxa3 16. bxa3 Qxa3+ 17. Kb1 b4 18. Na2 b3 19. cxb3 Rxb3+ 20. Ka1 Rxe3
21. Bd3 d4 22. Rh3 Nc5 23. Bc4 Ba6 24. Rxe3 Qxe3 25. Qxe3 dxe3 26. Bxa6 Nxa6 27.
Kb2 Nc5 28. Kc2 f6 29. exf6 gxf6 30. Nf3 Rg8 31. Rg1 e5 32. fxe5 fxe5 33. Ng5
Rf8 34. Nh3 Nd4+ 35. Kd1 Rb8 36. Nc3 Rb3 37. Ng5 Rxc3 38. Nf7+ Kg7 39. Nxe5 Ra3 0-1

[Event "World Rapid Women 2017"]
[Site "Riyadh KSA"]
[Date "2017.12.26"]
[Round "1.30"]
[White "Batsiashvili, Nino"]
[Black "Zozulia, Anna"]
[Result "1/2-1/2"]
[WhiteTitle "IM"]
[BlackTitle "IM"]
[WhiteElo "2502"]
[BlackElo "2316"]
[WhiteFideId "13602993"]
[BlackFideId "14102110"]
[EventDate "2017.12.26"]

1. d4 Nf6 2. Nf3 g6 3. g3 Bg7 4. Bg2 O-O 5. O-O d6 6. b3 a5 7. Bb2 a4 8. c4 axb3
9. axb3 Rxa1 10. Bxa1 c6 11. Nbd2 d5 12. Ne5 Ng4 13. Nef3 Nf6 14. Bc3 Ne4 15.
Nxe4 dxe4 16. Ne1 c5 17. Nc2 Nc6 18. e3 Qb6 19. dxc5 Qxb3 20. Bxg7 Kxg7 21. Bxe4
Rd8 22. Bd5 Bh3 23. Nd4 Qxd1 24. Rxd1 Rd7 25. Rb1 Nd8 26. c6 bxc6 27. Nxc6 Nxc6
28. Bxc6 Rc7 29. Bb5 Be6 30. Rc1 Rc5 31. Kf1 h5 32. h4 Kf6 33. Ke2 Ke5 34. Kd3
Kd6 35. Ra1 Rc7 36. Kd4 Bc8 37. f4 f6 38. Rd1 e5+ 39. Kc3+ Ke6 40. Kb4 Kf5 41.
c5 Kg4 42. Rd6 Kxg3 43. Rxf6 exf4 44. Rxg6+ Kxh4 45. exf4 Rf7 46. c6 Rxf4+ 47.
Kc5 Rg4 48. Rf6 Kg3 49. Rf8 Rg5+ 50. Kb6 Bg4 51. c7 h4 52. Be2 Rg6+ 53. Kc5 Rg7
54. Bxg4 Rxc7+ 55. Kd6 Kxg4 56. Kxc7 h3 57. Kd6 h2 58. Rh8 Kg3 59. Ke5 Kg2 60.
Ke4 h1=Q 61. Rxh1 Kxh1 1/2-1/2

[Event "World Rapid Women 2017"]
[Site "Riyadh KSA"]
[Date "2017.12.26"]
[Round "1.31"]
[White "Mammadzada, Gunay"]
[Black "Gaponenko, Inna"]
[Result "1-0"]
[WhiteTitle "WGM"]
[BlackTitle "IM"]
[WhiteElo "2333"]
[BlackElo "2435"]
[WhiteFideId "13403729"]
[BlackFideId "14101181"]
[EventDate "2017.12.26"]

1. e4 c5 2. Nf3 d6 3. d4 cxd4 4. Nxd4 Nf6 5. Nc3 g6 6. Be3 Bg7 7. f3 Nc6 8. Qd2
O-O 9. O-O-O Bd7 10. g4 Rc8 11. Kb1 Ne5 12. h4 Qa5 13. g5 Nh5 14. Nd5 Qd8 15.
Rg1 Nc4 16. Bxc4 Rxc4 17. Nb3 Be6 18. Bxa7 Bxd5 19. Qxd5 Qc7 20. Bb6 Qc8 21. c3
Rc6 22. Bd4 Qh3 23. Bxg7 Nxg7 24. Nd4 Rc7 25. Rh1 Qc8 26. Qb3 Nh5 27. Ne2 Rc5
28. Rd5 Rc4 29. Rd4 Rc6 30. Rb4 Rc7 31. Qd1 Qd7 32. Qd2 Rc5 33. Nf4 Nxf4 34.
Qxf4 f6 35. Qe3 f5 36. Rd1 Qc6 37. exf5 Rcxf5 38. f4 e5 39. fxe5 dxe5 40. Rb6
Qa4 41. Rbd6 Qxh4 42. Qd3 Qxg5 43. Qd5+ R8f7 44. Rd7 Kg7 45. Rxb7 h5 46. a4 e4
47. Rxf7+ Kh6 48. Rxf5 1-0

[Event "World Rapid Women 2017"]
[Site "Riyadh KSA"]
[Date "2017.12.26"]
[Round "1.32"]
[White "Melia, Salome"]
[Black "Buksa, Nataliya"]
[Result "1/2-1/2"]
[WhiteTitle "IM"]
[BlackTitle "WGM"]
[WhiteElo "2404"]
[BlackElo "2385"]
[WhiteFideId "13602446"]
[BlackFideId "14123622"]
[EventDate "2017.12.26"]

1. b3 d5 2. Bb2 c5 3. e3 Nc6 4. f4 Nf6 5. Nf3 a6 6. g3 d4 7. Qe2 Nb4 8. Na3 d3
9. cxd3 Bg4 10. Kf2 Qd5 11. e4 Qd7 12. Nc4 Rd8 13. Nce5 Qb5 14. d4 Qxe2+ 15.
Kxe2 Bh5 16. d3 cxd4 17. Bh3 Bxf3+ 18. Nxf3 Nc6 19. Rac1 g6 20. Ne5 Nxe5 21.
fxe5 Nh5 22. Rc4 Ng7 23. Rxd4 Ne6 24. Bxe6 fxe6 25. Rxd8+ Kxd8 26. Bc1 Bg7 27.
d4 Kd7 28. Be3 a5 29. Rf1 a4 30. bxa4 Ra8 31. Rf7 Bf8 32. a3 Ke8 33. Rxh7 Rxa4
34. h4 Rxa3 35. g4 b5 36. h5 gxh5 37. Rxh5 Ra2+ 38. Kf3 b4 39. Rh1 Rb2 40. d5
Kf7 41. g5 b3 42. Rd1 Ra2 43. d6 exd6 44. exd6 b2 45. d7 Be7 46. Rb1 Bd8 47. Bd4
Bxg5 48. Bxb2 Bd8 49. Bd4 Rd2 50. Rb4 Ke7 51. Ke3 Rc2 52. Rb7 Rc7 53. Rxc7 Bxc7
54. Bc5+ Kxd7 1/2-1/2

[Event "World Rapid Women 2017"]
[Site "Riyadh KSA"]
[Date "2017.12.26"]
[Round "1.33"]
[White "Shuvalova, Polina"]
[Black "Li, Ruofan"]
[Result "1-0"]
[WhiteTitle "WIM"]
[BlackTitle "IM"]
[WhiteElo "2385"]
[BlackElo "2351"]
[WhiteFideId "24171760"]
[BlackFideId "8600643"]
[EventDate "2017.12.26"]

1. e4 c5 2. Nf3 a6 3. c3 d5 4. exd5 Qxd5 5. d4 Nf6 6. Be3 cxd4 7. cxd4 e6 8. Nc3
Qd6 9. Be2 Nc6 10. O-O Be7 11. Qd2 O-O 12. Bf4 Qd8 13. Rac1 b5 14. Rfd1 Nb4 15.
a4 bxa4 16. Nxa4 Ne4 17. Qe1 Nd5 18. Be5 Bb4 19. Qf1 Qa5 20. Ra1 Qd8 21. Bd3 Ng5
22. Qe2 Bb7 23. Nd2 f6 24. Bg3 Qe7 25. h4 Nf7 26. Nc5 Bxc5 27. dxc5 Qxc5 28.
Qxe6 Nb4 29. Nb3 Qd5 30. Bxh7+ Kxh7 31. Rxd5 Bxd5 32. Qf5+ g6 33. Qxf6 Bxb3 34.
Qc3 Nc2 35. Ra5 Rac8 36. Qxb3 Nd4 37. Qd3 Rfd8 38. Rxa6 Nf5 39. Qb3 Rd7 40. Qe6
Rc1+ 41. Kh2 1-0

[Event "World Rapid Women 2017"]
[Site "Riyadh KSA"]
[Date "2017.12.26"]
[Round "1.34"]
[White "Voit, Daria"]
[Black "Doluhanova, Evgeniya"]
[Result "0-1"]
[WhiteTitle "FM"]
[BlackTitle "WGM"]
[WhiteElo "2390"]
[BlackElo "2352"]
[WhiteFideId "4182146"]
[BlackFideId "14112035"]
[EventDate "2017.12.26"]

1. d4 Nf6 2. c4 e6 3. Nf3 d5 4. g3 Bb4+ 5. Bd2 Bd6 6. Bg2 O-O 7. O-O c6 8. Qc2
Ne4 9. Bf4 Nd7 10. Ne5 Bxe5 11. dxe5 f5 12. exf6 Nexf6 13. cxd5 exd5 14. Nc3 Nb6
15. Rad1 Qe8 16. Rfe1 Qh5 17. e4 Bh3 18. e5 Bxg2 19. Kxg2 g5 20. Be3 Ng4 21. h3
Nxe3+ 22. Rxe3 Nc4 23. Re2 Rae8 24. Rde1 Qf3+ 25. Kg1 Re6 26. Ne4 Rxe5 27. b3
Na3 28. Qc5 Rxe4 29. Rxe4 dxe4 30. Qxg5+ Kh8 31. Qe5+ Qf6 32. Qc5 b6 33. Qe3 Nc2 0-1

[Event "World Rapid Women 2017"]
[Site "Riyadh KSA"]
[Date "2017.12.26"]
[Round "1.35"]
[White "Belenkaya, Dina"]
[Black "Savina, Anastasia"]
[Result "0-1"]
[WhiteTitle "WGM"]
[BlackTitle "IM"]
[WhiteElo "2303"]
[BlackElo "2350"]
[WhiteFideId "24142654"]
[BlackFideId "4196872"]
[EventDate "2017.12.26"]

1. e4 e5 2. Nf3 Nc6 3. Nc3 Nf6 4. d4 exd4 5. Nxd4 Bb4 6. Nxc6 bxc6 7. Bd3 d5 8.
exd5 cxd5 9. O-O O-O 10. h3 c6 11. Qf3 Bd6 12. Bf4 Be6 13. Ne2 Re8 14. Rad1 Rb8
15. b3 a5 16. c3 Qc7 17. Bc2 Bxf4 18. Nxf4 Re7 19. Rfe1 Rbe8 20. Nxe6 fxe6 21.
c4 e5 22. Qd3 e4 23. Qe3 Rf7 24. Rc1 Qd6 25. Red1 Ref8 26. cxd5 cxd5 27. Rd2 Qb4
28. Qd4 Qxd4 29. Rxd4 Rc7 30. f3 Rfc8 31. fxe4 Rxc2 32. Rxc2 Rxc2 33. e5 Ne4 34.
Rxd5 Rxa2 35. e6 Kf8 36. Rd7 Ng5 37. Rd8+ Ke7 38. Rd7+ Kxe6 39. Rxg7 Kf6 40. Ra7
h5 41. b4 a4 42. b5 Ne4 43. b6 Ra1+ 44. Kh2 h4 45. b7 Ng3 46. Rxa4 Rh1# 0-1

[Event "World Rapid Women 2017"]
[Site "Riyadh KSA"]
[Date "2017.12.26"]
[Round "1.36"]
[White "Pham, Le Thao Nguyen"]
[Black "Enkhtuul, Altan-Ulzii"]
[Result "1-0"]
[WhiteTitle "IM"]
[BlackTitle "WGM"]
[WhiteElo "2354"]
[BlackElo "2344"]
[WhiteFideId "12401226"]
[BlackFideId "4901444"]
[EventDate "2017.12.26"]

1. d4 c5 2. c3 Qc7 3. Nf3 Nf6 4. g3 b6 5. Bg2 Bb7 6. O-O g6 7. dxc5 bxc5 8. Na3
Bg7 9. Bf4 d6 10. Qc1 O-O 11. Bh6 Nbd7 12. Rd1 a6 13. Bxg7 Kxg7 14. c4 Be4 15.
Nb1 Bxb1 16. Rxb1 Rab8 17. Qc3 Qb6 18. Ne1 Qb4 19. Qc2 Ne5 20. b3 Rfc8 21. h3
Nc6 22. e3 Qa5 23. Rb2 Kg8 24. g4 Qa3 25. Rd2 Qa5 26. Qd1 Qc7 27. Nd3 a5 28. g5
Ne8 29. Nf4 Ng7 30. Nd5 Qd8 31. h4 Rb7 32. Nc3 Qe8 33. Qf3 Rb6 34. Qh3 Ne5 35.
Nd5 Rbb8 36. Nc3 Rb6 37. Rbc2 Nf5 38. Be4 Ng7 39. Rc1 Nd7 40. Rcd1 Rbb8 41. Bd5
Nb6 42. Bf3 Nd7 43. Bg4 Rc7 44. f4 f5 45. Bf3 Nb6 46. Qg2 Qf7 47. Rd3 Nc8 48.
Nb5 Rd7 49. Bd5 Ne6 50. Qd2 Nb6 51. Bc6 Rdd8 52. Qxa5 h6 53. Qd2 Nf8 54. a4 Kh7
55. a5 Nbd7 56. Qc3 Rdc8 57. Bd5 Qg7 58. Qxg7+ Kxg7 59. R3d2 Rd8 60. Ra1 e6 61.
Bc6 hxg5 62. hxg5 e5 63. Rxd6 exf4 64. exf4 Kf7 65. Rad1 Ke7 66. a6 Rbc8 67.
Re1+ Kf7 68. Bd5+ Kg7 69. a7 Kh8 70. Re7 Re8 71. Rxe8 Rxe8 72. a8=Q 1-0

[Event "World Rapid Women 2017"]
[Site "Riyadh KSA"]
[Date "2017.12.26"]
[Round "1.37"]
[White "Vo, Thi Kim Phung"]
[Black "Girya, Olga"]
[Result "0-1"]
[WhiteTitle "WGM"]
[BlackTitle "WGM"]
[WhiteElo "2380"]
[BlackElo "2484"]
[WhiteFideId "12401838"]
[BlackFideId "4195752"]
[EventDate "2017.12.26"]

1. d4 Nf6 2. c4 e6 3. Nc3 Bb4 4. Qc2 O-O 5. Nf3 d5 6. cxd5 exd5 7. Bg5 h6 8. Bh4
c5 9. dxc5 Nbd7 10. e3 g5 11. Bg3 Nxc5 12. a3 Bxc3+ 13. Qxc3 Nfe4 14. Qc2 Bf5
15. Qd1 Re8 16. Nd4 Bg6 17. Bb5 Re7 18. Be2 Qb6 19. b4 Ne6 20. Nxe6 Qxe6 21. Rc1
Qf6 22. O-O Nc3 23. Rxc3 Qxc3 24. Qxd5 Be4 25. Qd6 Re6 26. Qd7 Qc6 27. Qxc6 Rxc6
28. Be5 Rc2 29. Bd1 Rc1 30. f3 Bd3 31. Bb2 Rb1 32. Be2 Rxb2 33. Bxd3 Rd8 34. Be4
b6 35. Rc1 Rdd2 36. f4 Rb3 37. fxg5 hxg5 38. Bc6 Rxe3 39. a4 Rb3 40. b5 Ra3 41.
h3 Rxa4 42. Kh2 Raa2 43. Re1 Re2 44. Rd1 Rad2 45. Ra1 Ra2 46. Rd1 Re7 47. Kg3
Kg7 48. Kg4 Re5 49. Rd7 Ra4+ 50. Kg3 Rc5 51. Rb7 Rc3+ 52. Kh2 Rc2 53. Bd5 Rf2
54. Kg3 Rff4 55. Bc6 Ra3+ 56. Kh2 Kf6 57. Bd5 Kg6 58. Bc6 Kg7 59. Be8 Rf6 60.
Bc6 a6 61. Be8 axb5 62. Bxb5 Ra5 63. Bd3 Ra3 64. Be4 Rb3 65. Bd5 Rb2 66. Kg3 b5
67. Kg4 Kg6 68. Be4+ Kh6 69. Bd5 Rb4+ 70. Kg3 Kg7 71. Bf3 Rff4 72. Bd5 Kg6 73.
Rb6+ Rf6 74. Rb7 Kg7 75. Kh2 Rf5 76. Be6 Rff4 77. Bd5 Kf8 78. Kg3 Rf5 79. Bf3
Re5 80. Rb8+ Kg7 81. Rb7 Kf6 82. Rb6+ Re6 83. Rb7 Re7 84. Rb6+ Kg7 85. Bd5 Rd7
86. Bf3 Rb2 87. Kg4 f6 88. Kf5 Rb4 89. Ke6 Rc7 90. Bd5 Rb2 91. Kd6 Ra7 92. Rb8
b4 93. Rg8+ Kh7 94. Rb8 Rd2 95. Kc6 Ra6+ 96. Kb5 Rxd5+ 97. Kxa6 Rd2 98. g4 Ra2+
99. Kb5 Rh2 100. Kc5 Rxh3 101. Rxb4 Rd3 102. Re4 Kg6 103. Ra4 Rd1 104. Rb4 Rd2
105. Ra4 Kf7 106. Re4 Rd1 107. Kc4 Rd8 108. Kc3 Rd7 109. Kc2 Rd5 110. Kc3 f5
111. gxf5 Kf6 112. Kc4 Rd1 113. Re8 Kxf5 114. Rf8+ Ke4 115. Re8+ Kf3 116. Rf8+
Kg3 117. Kc3 g4 118. Kc2 Rd7 119. Rg8 Kf3 120. Rf8+ Kg2 121. Rf6 g3 122. Rf8 Kg1
123. Rf6 g2 124. Rf8 Rd5 125. Kc3 Kh2 126. Rh8+ Kg3 127. Rg8+ Kf3 128. Rg7 Rf5
129. Kd3 Kf2 130. Ke4 Rf8 131. Ra7 g1=Q 0-1

[Event "World Rapid Women 2017"]
[Site "Riyadh KSA"]
[Date "2017.12.26"]
[Round "1.38"]
[White "Atalik, Ekaterina"]
[Black "Tokhirjonova, Gulrukhbegim"]
[Result "1/2-1/2"]
[WhiteTitle "IM"]
[BlackTitle "WGM"]
[WhiteElo "2451"]
[BlackElo "2329"]
[WhiteFideId "4130189"]
[BlackFideId "14203626"]
[EventDate "2017.12.26"]

1. d4 Nf6 2. Nf3 e6 3. c4 Bb4+ 4. Nbd2 O-O 5. e3 d5 6. Bd3 b6 7. a3 Bd6 8. O-O
Bb7 9. b4 c5 10. bxc5 bxc5 11. Rb1 Qc7 12. Bb2 Nbd7 13. h3 Rfc8 14. Qe2 Rab8 15.
Rfc1 Qd8 16. cxd5 exd5 17. dxc5 Nxc5 18. Bf5 Ba6 19. Qd1 Rc6 20. Bxf6 Qxf6 21.
Rxb8+ Bxb8 22. Nd4 Rc7 23. Rb1 Rb7 24. Rxb7 Bxb7 25. N2b3 Nxb3 26. Qxb3 Qb6 27.
Qxb6 axb6 28. Bd7 g6 29. Kf1 Be5 30. Bc6 Bxd4 31. Bxb7 Bc5 32. a4 Kf8 33. Bxd5
Ke7 34. Ke2 f6 35. h4 h6 36. Kf3 f5 37. Bc4 Kf6 38. Ke2 g5 39. h5 Ke5 40. Kd3 f4
41. Bf7 fxe3 42. fxe3 Bb4 43. g4 Be1 44. Bg6 Ba5 45. Kc4 Bd2 46. e4 Be3 47. Kb5
Kd6 48. Bf5 Bd4 49. Bg6 Be3 50. Ka6 Kc7 51. e5 Bd4 52. e6 Kd6 53. Bf5 Ke7 54.
Kb7 Bf2 55. Kc6 Bg1 56. Kd5 Bf2 57. Bd3 Bg3 58. Bc4 Bh2 59. Ke4 Kf6 60. e7 Kxe7
61. Kf5 Kf8 62. Kg6 Bf4 63. Kxh6 Be3 64. Kg6 Bd2 65. h6 Be3 66. h7 Bd4 67. Kxg5
Kg7 68. Bd3 Bc3 69. Kf4 Bb2 70. g5 Bc3 71. g6 Bb2 72. Bf5 Bc3 73. Ke4 Bb2 74.
Kd5 Ba1 75. Bd3 Bb2 76. Kc6 Bd4 77. Bc2 Be3 78. Kd5 Bf2 79. Ke5 Bg1 80. Bb3 Bf2
81. Ke6 Be3 82. Bc4 1/2-1/2

[Event "World Rapid Women 2017"]
[Site "Riyadh KSA"]
[Date "2017.12.26"]
[Round "1.39"]
[White "Ovod, Evgenija"]
[Black "Javakhishvili, Lela"]
[Result "1/2-1/2"]
[WhiteTitle "IM"]
[BlackTitle "IM"]
[WhiteElo "2364"]
[BlackElo "2449"]
[WhiteFideId "4131827"]
[BlackFideId "13601458"]
[EventDate "2017.12.26"]

1. d4 d6 2. e4 Nf6 3. Bd3 e5 4. c3 d5 5. dxe5 Nxe4 6. Nf3 Nc6 7. Nbd2 Nc5 8. Bb5
a6 9. Bxc6+ bxc6 10. O-O Be7 11. Nd4 Bd7 12. f4 Nd3 13. Qc2 Nxc1 14. Raxc1 O-O
15. Rce1 f5 16. e6 Be8 17. Nxf5 Bc5+ 18. Nd4 Qf6 19. Nb3 Bd6 20. g3 c5 21. Nf3
Bg6 22. Qd2 c6 23. Na5 Be8 24. Ng5 Be7 25. c4 Rb8 26. Re2 Rd8 27. Nb7 Rb8 28.
cxd5 cxd5 29. Qxd5 Bb5 30. Nxc5 Bxe2 31. Nd7 Qxb2 32. Nxf8 Rxf8 33. Rf2 Qc1+ 34.
Kg2 Bb5 35. Kh3 h6 36. Nf7 Qc4 37. Qf5 Qd3 38. Qg4 Kh7 39. f5 Qf1+ 40. Rg2 Bc6
41. Qg6+ Kg8 42. Nxh6+ Kh8 43. Nf7+ Kg8 44. Nh6+ Kh8 45. Nf7+ Kg8 1/2-1/2

[Event "World Rapid Women 2017"]
[Site "Riyadh KSA"]
[Date "2017.12.26"]
[Round "1.40"]
[White "Zatonskih, Anna"]
[Black "Badelka, Olga"]
[Result "1/2-1/2"]
[WhiteTitle "IM"]
[BlackTitle "WIM"]
[WhiteElo "2452"]
[BlackElo "2388"]
[WhiteFideId "14101572"]
[BlackFideId "13509926"]
[EventDate "2017.12.26"]

1. d4 d5 2. Nf3 Nf6 3. c4 dxc4 4. e3 b5 5. a4 b4 6. Bxc4 e6 7. a5 a6 8. O-O Bb7
9. Nbd2 c5 10. Re1 Be7 11. e4 cxd4 12. e5 Nfd7 13. Nxd4 Qc7 14. Qg4 O-O 15. Qg3
Nc6 16. Nxc6 Bxc6 17. b3 Nc5 18. Nf3 Rfd8 19. Ng5 Bd5 20. Bxd5 Rxd5 21. Be3 Nxb3
22. Rab1 Nxa5 23. Ne4 Qxe5 24. Bf4 Qf5 25. Bd6 Bxd6 26. Nxd6 Qg6 27. Qf4 Rd8 28.
Ne4 b3 29. Qc7 h6 30. Nc3 Qc2 31. Nxd5 Rxd5 32. Qb6 Rb5 33. Qxa6 Rf5 34. Rf1 b2
35. g3 Nc4 36. Qc8+ Kh7 37. Rxb2 Qxb2 38. Qxc4 g5 39. Qd3 Kg7 40. Qe3 Rd5 41.
Qe4 Qd4 42. Qc2 f5 43. Qc8 Rd7 44. Re1 Re7 45. Rb1 Qd7 46. Qc3+ e5 47. Qc4 f4
48. gxf4 gxf4 49. Kh1 Qe6 50. Rg1+ Kf7 51. Qe4 Qf6 52. Qh7+ Ke8 53. Rg8+ Kd7 54.
Qd3+ Kc7 55. Qc4+ Qc6+ 56. Qxc6+ Kxc6 57. Rg6+ Kd5 58. Rxh6 e4 59. Kg2 Rg7+ 60.
Kf1 f3 61. Rh8 Ra7 62. Rd8+ Ke5 63. Re8+ Kf5 64. Rf8+ Kg6 65. Ke1 Ra1+ 66. Kd2
Ra2+ 67. Ke3 Re2+ 68. Kf4 Kg7 69. Re8 Rxf2 70. Rxe4 Rxh2 1/2-1/2

[Event "World Rapid Women 2017"]
[Site "Riyadh KSA"]
[Date "2017.12.26"]
[Round "1.41"]
[White "Gevorgyan, Maria"]
[Black "Ambartsumova, Karina"]
[Result "1/2-1/2"]
[WhiteTitle "WIM"]
[BlackTitle "WGM"]
[WhiteElo "2275"]
[BlackElo "2359"]
[WhiteFideId "13300270"]
[BlackFideId "4166299"]
[EventDate "2017.12.26"]

1. e4 c5 2. Nc3 Nc6 3. Bb5 Nd4 4. Bc4 e6 5. Nge2 a6 6. Nxd4 cxd4 7. Ne2 Bc5 8.
d3 Ne7 9. Bb3 O-O 10. O-O d5 11. e5 Ng6 12. f4 f6 13. exf6 Qxf6 14. Ng3 Bd6 15.
Qg4 Ne7 16. Qf3 Bd7 17. Bd2 Rae8 18. Rae1 Ng6 19. Qg4 Qh4 20. Qxh4 Nxh4 21. Ne2
Bc5 22. Ng3 Bd6 23. Ne2 Bc5 24. Ng3 Bd6 1/2-1/2

[Event "World Rapid Women 2017"]
[Site "Riyadh KSA"]
[Date "2017.12.26"]
[Round "1.42"]
[White "Arakhamia-Grant, Ketevan"]
[Black "Fataliyeva, Ulviyya"]
[Result "0-1"]
[WhiteTitle "GM"]
[BlackTitle "WGM"]
[WhiteElo "2350"]
[BlackElo "2384"]
[WhiteFideId "13600168"]
[BlackFideId "13403052"]
[EventDate "2017.12.26"]

1. e4 e6 2. d4 d5 3. Nc3 Nf6 4. e5 Nfd7 5. f4 c5 6. Nf3 Nc6 7. Be3 Be7 8. Qd2
O-O 9. Be2 b6 10. O-O Bb7 11. a3 a5 12. Bb5 f5 13. Ne2 Qc8 14. Rfc1 Na7 15. Bxd7
Qxd7 16. c3 a4 17. Ng3 Nc6 18. Qf2 Na5 19. Nd2 Rac8 20. Rab1 Ba6 21. Rd1 Bd3 22.
Rbc1 Qb5 23. c4 dxc4 24. Nf3 Nb3 25. Rc3 Rcd8 26. dxc5 Bxc5 27. Ng5 Bxe3 28.
Qxe3 Nc5 29. Rd2 Rd7 30. h4 h6 31. Nh3 Rfd8 32. Nf2 Bb1 33. Re2 Nd3 34. Nh5 Nxf2
35. Qxf2 Bd3 36. Re3 Be4 37. Rg3 Kh7 38. Kh2 Rg8 39. Rce3 Qd5 40. Rxg7+ Rdxg7
41. Nf6+ Kh8 42. Nxd5 Rxg2+ 43. Qxg2 Rxg2+ 44. Kh3 Bxd5 0-1

[Event "World Rapid Women 2017"]
[Site "Riyadh KSA"]
[Date "2017.12.26"]
[Round "1.43"]
[White "Assaubayeva, Bibisara"]
[Black "Galojan, Lilit"]
[Result "1/2-1/2"]
[WhiteTitle "FM"]
[BlackTitle "IM"]
[WhiteElo "2381"]
[BlackElo "2300"]
[WhiteFideId "13708694"]
[BlackFideId "13301314"]
[EventDate "2017.12.26"]

1. d4 Nf6 2. c4 e6 3. Nf3 b6 4. g3 Bb4+ 5. Bd2 Be7 6. Bg2 Bb7 7. O-O c6 8. Nc3
d5 9. Qc2 O-O 10. Bf4 dxc4 11. Ne5 Nd5 12. Bc1 b5 13. a4 a6 14. b3 Nb4 15. Qd1
cxb3 16. axb5 axb5 17. Rxa8 Bxa8 18. Nxb5 Qb6 19. Na3 Nd5 20. Bb2 Rd8 21. Qd3
Nd7 22. Nec4 Qb4 23. Nd2 Rb8 24. Nac4 Qb5 25. Ra1 N7b6 26. Ra5 Nxc4 27. Rxb5
cxb5 28. Nxc4 bxc4 29. Qxc4 h6 30. e4 Nf6 31. d5 exd5 32. exd5 Bd6 33. Qa6 Bf8
34. d6 Bxg2 35. Kxg2 Rd8 36. Bxf6 Rxd6 37. Qb5 Rxf6 38. Qxb3 g6 39. g4 Re6 40.
h4 Be7 41. h5 gxh5 42. gxh5 Rf6 43. Qd5 Bd6 44. Qd4 Kg7 45. Kh3 Bf4 46. f3 1/2-1/2

[Event "World Rapid Women 2017"]
[Site "Riyadh KSA"]
[Date "2017.12.26"]
[Round "1.44"]
[White "Sukandar, Irine Kharisma"]
[Black "Albzoor, Anwar"]
[Result "1-0"]
[WhiteTitle "IM"]
[BlackTitle "WFM"]
[WhiteElo "2384"]
[BlackElo "1595"]
[WhiteFideId "7101937"]
[BlackFideId "11500522"]
[EventDate "2017.12.26"]

1. d4 d5 2. Bf4 e6 3. e3 Nf6 4. Nd2 Be7 5. Bd3 b6 6. Ngf3 Bb7 7. c3 Nbd7 8. Ne5
Ne4 9. Nxe4 dxe4 10. Bb5 c6 11. Nxc6 Bxc6 12. Bxc6 Rc8 13. Bb7 Rc4 14. Qb3 Rc7
15. Bxc7 Qxc7 16. Bxe4 O-O 17. O-O Bd6 18. f4 Nf6 19. Bf3 h5 20. Rae1 g5 21. Qb5
Kg7 22. Qxg5+ 1-0

[Event "World Rapid Women 2017"]
[Site "Riyadh KSA"]
[Date "2017.12.26"]
[Round "2.2"]
[White "Gunina, Valentina"]
[Black "Sukandar, Irine Kharisma"]
[Result "1-0"]
[WhiteTitle "GM"]
[BlackTitle "IM"]
[WhiteElo "2510"]
[BlackElo "2384"]
[WhiteFideId "4167570"]
[BlackFideId "7101937"]
[EventDate "2017.12.26"]

1. e4 e5 2. Nf3 Nc6 3. Bc4 Bc5 4. O-O Nf6 5. d3 O-O 6. a4 d6 7. c3 h6 8. b4 Nxb4
9. cxb4 Bxb4 10. h3 c6 11. Bd2 Bc5 12. Nc3 Qe7 13. Be3 Bb4 14. Ne2 d5 15. exd5
cxd5 16. Ba2 Bd6 17. d4 e4 18. Nd2 Be6 19. Nf4 g5 20. Nxe6 fxe6 21. f3 exf3 22.
Rxf3 Rf7 23. Qc2 g4 24. Rf2 gxh3 25. Qg6+ Rg7 26. Qxf6 Qxf6 27. Rxf6 Rxg2+ 28.
Kf1 Kg7 29. Rf3 Rh2 30. Rb1 Rc8 31. Rf2 Rf8 32. Rxb7+ Kg8 33. Rxf8+ Kxf8 34. Ne4
dxe4 35. Bxe6 Rh1+ 36. Kf2 h2 37. Bxh6+ Ke8 38. Bd7+ Ke7 39. Bc6+ Kf6 40. Bxe4
Rd1 41. Rh7 Rd2+ 42. Bxd2 1-0